MDQL
is popping MORE tags! Check the
thread
!
Quizzes
Events
Quiz Creation
Community
Videos
Private Events
Remove Ads
Sign In
Join for FREE
Feedback
Dark Mode
Quiz Categories
Sports
Geography
Music
Movies
Television
Just For Fun
Miscellaneous
History
Literature
Language
Science
Gaming
Entertainment
Religion
Holiday
For Kids
Quiz Lab
Recent
Popular Today
Quiz Kudos Today
Editor Picks
Curator Picks
Quizzes by...
Day
Popularity
Type
Ratings
Length
Year
Community
Subscriptions
Recent Discussions
Orange Saloon
Badges
Playlists
Quests
Create
Leaderboards
Showdown
Live 5
Trivia Bingo
Activity
Puzzle Library
Sporcle Events
Private Events
Virtual Trivia
Globe League
Become a Host
Pub Owners
SporcleCon
Opinionation
Our Games
Videos
Blog
Mobile Apps
Partnerships
Remove Ads and Go Orange
Feedback
Sports
Athletes
MLB
NBA
NHL
NFL
Soccer
Sports Teams
WWE
NCAA
Football
Premier League
Basketball
Baseball
Hockey
Golf
Tennis
Cricket
Rugby
Auto Racing
Olympics
World Cup
Sports
Athletes
MLB
NBA
NHL
NFL
Soccer
Sports Teams
WWE
NCAA
Football
Premier League
Basketball
Baseball
Hockey
Golf
Tennis
Cricket
Rugby
Auto Racing
Olympics
World Cup
Random Quiz
Search Sporcle
×
Quiz Lab
Quiz Lab
Sports
Rider
Type in answers that appear in a list
Type in answers that appear in a list
Classic
Best Score? Go Orange.
2015 MotoGP riders Stats
Can you name the 2015 MotoGP riders?
By
AlonsoFTW
5m
36 Questions
442 Plays
442 Plays
442 Plays
Comments
Comments
Give Quiz Kudos
Give Quiz Kudos
-
- Ratings
hide this ad
Replay
Link that replays current quiz
Next Quiz
Link to next quiz in quiz playlist
You Got
0%
They Got
Avg Score
66%
Avg Friend Score
Upgrade to see
Score Distribution
Jump to the score distribution portion of the page
Score
0/36
Timer
05:00
0
Plays Today
N°
Rider
% Correct
46
Valentino Rossi
95.7%
99
Jorge Lorenzo
95.2%
04
Andrea Dovizioso
94.8%
93
Marc Márquez
94.3%
26
Dani Pedrosa
94.1%
44
Pol Espargaró
90.3%
41
Aleix Espargaró
90%
35
Cal Crutchlow
89.6%
29
Andrea Iannone
89.6%
6
Stefan Bradl
88.7%
38
Bradley Smith
86.4%
25
Maverick Viñales
84.4%
9
Danilo Petrucci
81.9%
69
Nicky Hayden
81.2%
19
Álvaro Bautista
80.3%
43
Jack Miller
79.4%
45
Scott Redding
79.2%
8
Héctor Barberá
76.7%
N°
Rider
% Correct
17
Karel Abraham
71.9%
68
Yonny Hernández
67.2%
51
Michele Pirro
67%
76
Loris Baz
66.7%
50
Eugene Laverty
64.5%
70
Michael Laverty
62.7%
7
Hiroshi Aoyama
61.3%
33
Marco Melandri
60.6%
15
Alex de Angelis
54.8%
63
Mike di Meglio
43.9%
24
Toni Elías
37.8%
21
Katsuyuki Nakasuga
37.7%
23
Broc Parkes
33.4%
71
Claudio Corti
32.4%
13
Anthony West
27.6%
72
Takumi Takahashi
23.7%
55
Damian Cudlin
20.5%
64
Kousuke Akiyoshi
12%
Quiz Playlist
Details
Report
Send in Message
Add To Playlist
Classic:
Type in answers that appear in a list
Last Updated: Feb 16, 2017
Quiz Scoreboard
CHALLENGE
Sign Up to Join the Scoreboard
Show All
Scores
Hide
Comments
May contain spoilers
Recently Published
Two Season TV Shows II
by 123Four
Television
10m
Image Sorting: Flags VI
by Barbecue
Geography
2m
Find the 'City' Movie
by crazypaving
Movies
60s
More to Explore
Quiz From the Vault
Featured Blog Post
14 Easter Pick-up Lines to Find Eggs With
hide this ad
You Might Also Like...
Tags
2015
GP Riders
moto
motogp
Motorcycle
Race Starters
Racing
Rider
Today's Top Quizzes in Sports
Browse Sports
hide this ad
Top Contributed Quizzes in Sports
1
Les meilleurs buteurs des matchs entre le PSG et l’OM
2
Les entraîneurs de l'OM et du PSG au 21e siècle
3
2022 World Cup Stars
4
Les joueurs passés par le PSG et l'OM
5
Players with Multiple 50 Home Run Seasons
6
FIFA Club World Cup Champions
7
Criteria MLB: Left Handed Sluggers
8
Les joueurs passés par le LOSC et le RC Lens
9
Top 10 NHL Goal Scorers of All Time
10
MLB Players with Two .350 Batting Average Seasons
Explore More
Trending Topics
Disney
Crossword
Harry Potter
Kpop
Anime
Marvel
NBA
WWE
Country
The Office
Song
Pokémon
Soccer
Puzzle
NFL
hide this ad
More By:
AlonsoFTW
Quiz
Plays
Rating
Category
Featured
Created
Greatest F1 drivers by decade
14,043
4.36
Sports
Sep 7, 2012
All-time MotoGP riders (2002-2023)
5,343
5.00
Sports
Nov 11, 2015
They shared glory with Schumi...
4,728
5.00
Sports
Jan 20, 2013
F1 Belgian GP Top 5
2,492
4.91
Sports
Jan 12, 2014
Formula 1 last place finishers 2010-2019
2,413
5.00
Sports
Dec 3, 2016
Go to Creator's Profile
Score Distribution
Quiz Creator Spotlight
AlonsoFTW
Follow
Send a Message
Quizzes Created
-
Created Quiz Play Count
-
More By This Creator
Popular Quizzes Today
1
Find the US States - No Outlines Minefield
2
Colored Red Africa Blitz
3
Find the 'City' Movie
4
5x2 Blitz: Bands
5
The Countries of the World
6
Find the Countries of Europe - No Outlines Minefield
7
Find the US States
8
US States
More Sports Quizzes
2017 Champions League Final Facts
Quiz Lab
Trending Quizzes
Colored Red Europe Blitz I
Colored Red Africa Blitz II
Colored Red Europe Blitz II
Colored Red Europe Blitz III
Colored Red Africa Blitz III
Recently Updated
How Do You Spell That?
pecheneg
Godzilla Movies
pecheneg
Grab Bag: 4-10 Letters
pecheneg
2024 March Madness Bracket
pecheneg
Famous TV Couples
Peacemaker
Champions League XIs: Real Madrid
pecheneg
Largest US Cities 1790-2010
pecheneg
Rides in Walt Disney World
pecheneg
Most Oscar Losses (Acting)
pecheneg
Beyoncé Albums
pecheneg
Trending Topics
NBA
Kpop
Harry Potter
Anime
Marvel
Disney
Crossword
Song
Soccer
Puzzle
NFL
Pokémon
The Office
WWE
Country
Your Account Isn't Verified!
In order to create a playlist on Sporcle, you need to verify the email address you used during registration. Go to your
Sporcle Settings
to finish the process.
Report this User
Report this user for behavior that violates our
Community Guidelines
.
Details:
Send Report
Go to the Sporcle.com Mobile Site →
Comments